| 000 | 00684cam a22002052 4500 | ||
|---|---|---|---|
| 001 | 0000020006 | ||
| 005 | 20151217155904.0 | ||
| 008 | 110524s xx 000 0 eng d | ||
| 020 | _a9966958436 : | ||
| 040 |
_aKABU _cKABU |
||
| 245 | 1 | 0 |
_aRule of law report 2009 - 2010 : _bKenya's constitutional moment. |
| 250 | _a1st ed. | ||
| 260 |
_aNairobi, Kenya : _bKenyan section of the international commission of jurists, _c2010. |
||
| 300 | _axiv, 138 p. | ||
| 650 | 0 |
_aRule of law _zKenya. _@0000180039 |
|
| 710 | 2 |
_aInternational commission of jurists. _bKenya section. _@0000180032 |
|
| 908 | _a110524 | ||
| 950 | _@1 | ||
| 999 |
_c13751 _d13751 |
||